00417nam a2200145Ia 4500003000400000008004100004040001600045082001700061100002000078245008800098260003600186300001000222650001400232650002500246GCL140319s9999 xx 000 0 eng d aGCL / cGCL04a617.601bF P1 aFRANDSEN, ASGER10aPREVENTIVE DENTISTRY IN PRACTICE: COMMUNICATION AND APPLICATION / cFRANDSEN, ASGER a[S.N] : bMUNKSGOOARD ، c1967 a152 P04aDENTISTRY04aPREVENTIVE DENTISTRY